| 000 | 01489cam a22002891ia4500 | ||
|---|---|---|---|
| 003 | SA-RiAUC | ||
| 005 | 20250212080723.0 | ||
| 008 | 250212s2000 mk g f00000 ara c | ||
| 040 |
_aQA-DoFIS _bara _cSA-RiAUC. _erda |
||
| 082 | 0 | 4 |
_a258.91 _qSA-RiAUC |
| 090 |
_a258.91 _bث م ي |
||
| 100 | 1 |
_aالثميني، عبد العزيز بن إبراهيم، _d1133-1223 هجري _eمؤلف. |
|
| 245 | 1 | 2 |
_aالتاج المنظوم من درر المنهاج المعلوم / _cعبد العزيز بن إبراهيم الثميني ؛ ضبط النص محمد بن موسى بابا عمي، مصطفى بن محمد شريفي. |
| 250 | _aالطبعة الأولى. | ||
| 264 | 1 |
_aمسقط : _bوزارة التراث القومي والثقافة، _c2000 |
|
| 300 |
_a26 مجلد ؛ _c24 سم |
||
| 336 |
_aنص _btxt _2rdacontent _3كتاب |
||
| 337 |
_aبدون وسيط _bn _2rdamedia |
||
| 338 |
_aمجلد _bnc _2rdacarrier |
||
| 500 | _aالكتاب في الأصل اختصار وتلخيص لكتاب منهاج الطالبين وبلاغ الراغبين للشيخ ضياء الدين خميس بن سعيد العماني. | ||
| 590 | _aالثميني، عبدالعزيز بن الحاج بن ابراهيم. | ||
| 650 | 7 |
_aفقه الأباضية _2aucsh |
|
| 700 | 1 |
_aبابا عمي، محمد بن موسى، _d1967- _eمراجع. |
|
| 700 | 1 |
_aشريفي، مصطفى بن محمد _eمراجع. |
|
| 942 |
_2ddc _cBOOK |
||
| 949 |
_aSA-JeALM _d250212 _ukhaled123 _n1 |
||
| 999 |
_c5854 _d5854 |
||